000 00702cab a22001935a 4500
001 L154217
008 111102e20110729xxkd f 000 0 eng d
035 _a(Sirsi) u154217
041 0 _aeng
100 1 _aFordham, Peter
245 0 0 _aMarket forecast
_bstuck in the mud
260 _c2011
490 0 _aBuilding
_v276(8701) 28 October 2011, 46-48(3)
520 _aPrices have continued to stagnate in 2011; eurozone crisis and global unease; trends and forecast, hot topic - economic crisis part 2, activity indicators from ONS, Markit/CIPS, Experian and FMB, building cost index.
590 _aKA
651 4 _aUnited Kingdom
_y
690 _aBUILT ENVIRONMENT-CONSTRUCTION MARKET
942 _n0
999 _c83539
_d83539